NFL 1st Round 2026 NFL Draft - Statistics

General Stats
  • This quiz has been taken 191 times
  • The average score is 25 of 32
Answer Stats
Pick Team College Position Answer % Correct
1 Raiders Indiana QB Fernando Mendoza
100%
3 Cardinals Notre Dame RB Jeremiyah Love
99%
4 Titans Ohio St WR Carnell Tate
97%
5 Giants Ohio St LB Arvell Reese
96%
2 Jets Texas Tech EDGE David Bailey
95%
8 Saints Arizona St WR Jordyn Tyson
94%
7 Commanders Ohio St LB Sonny Styles
94%
13 Rams Alabama QB Ty Simpson
94%
11 Cowboys Ohio St S Caleb Downs
93%
20 Eagles USC WR Makai Lemon
91%
15 Buccaneers Miami EDGE Rueben Bain Jr
91%
6 Chiefs LSU CB Mansoor Delane
89%
12 Dolphins Alabama OT Kadyn Proctor
85%
16 Jets Oregon TE Kenyon Sadiq
85%
9 Browns Utah OT Spencer Fano
83%
32 Seahawks Notre Dame RB Jadarian Price
77%
24 Browns Texas A&M WR KC Concepcion
76%
30 Jets Indiana WR Omar Cooper Jr
75%
18 Vikings Florida DT Caleb Banks
72%
10 Giants Miami OT Francis Mauigoa
71%
27 Dolphins San Diego St CB Chris Johnson
67%
14 Ravens Penn St OG Olaivevega Ioane
66%
17 Lions Clemson OT Blake Miller
64%
28 Patriots Utah OT Caleb Lomu
64%
29 Chiefs Clemson DT Peter Woods
64%
31 Titans Auburn EDGE Keldrick Faulk
63%
23 Cowboys UCF EDGE Malachi Lawrence
63%
25 Bears Oregon S Dillon Thieneman
62%
22 Chargers Miami EDGE Akheem Mesidor
60%
19 Panthers Georgia OT Monroe Freeling
60%
21 Steelers Arizona St OT Max Iheanachor
51%
26 Texans Georgia Tech OG Keylan Rutledge
46%
No matching quizzes found
Score Distribution
Percent of People with Each Score
Percentile by Number Answered
Your Score History
You have not taken this quiz